[Event "SVK ECo-C Extraliga 2018-19"]
[Site "Slovakia"]
[Date "2018.12.09"]
[Round "4"]
[White "Federic, Jozef"]
[Black "Briestensky, Rastislav"]
[Result "1-0"]
[WhiteElo "2207"]
[BlackElo "2331"]
[Annotator "NA"]
[PlyCount "155"]
[EventDate "2018.11.10"]
[EventType "team-tourn"]
[EventCountry "SVK"]
[SourceTitle "playchess.com"]
[Source "ChessBase"]
[SourceQuality "1"]
[WhiteTeam "Modra"]
[BlackTeam "Slovan"]
[TimeControl "40/5400+30:1800+30"]

1. d4 {[%emt 0:00:00]} f5 {[%emt 0:00:00]} 2. Nc3 {[%emt 0:00:01]} Nf6 {[%emt 0:00:00]} 3. Bg5 {[%emt 0:00:30]} d5 {[%emt 0:04:18]} 4. Bxf6 {[%emt 0:01:30]} exf6 {[%emt 0:00:23]} 5. e3 {[%emt 0:00:21]} c6 6. Bd3 {[%emt 0:01:13]} Be6 {[%emt 0:05:45]} 7. h4 {[%emt 0:02:28]} Bd6 {[%emt 0:03:48]} 8. Qf3 {[%emt 0:03:50]} Qd7 {[%emt 0:06:20]} 9. h5 {[%emt 0:03:12]} Na6 {[%emt 0:02:35]} 10. a3 {[%emt 0:01:34]} Nc7 {[%emt 0:00:04]} 11. Nge2 {[%emt 0:04:07]} O-O-O {[%emt 0:00:24]} 12. Nf4 {[%emt 0:01:54]} Bf7 {[%emt 0:00:56]} 13. Qh3 {[%emt 0:10:23]} Bxf4 {[%emt 0:05:14]} 14. exf4 {[%emt 0:00:59]} Be6 {[%emt 0:08:58]} 15. O-O-O {[%emt 0:01:45]} Ne8 {[%emt 0:00:23]} 16. Rde1 {[%emt 0:16:46]} Nd6 {[%emt 0:00:29]} 17. Na4 {[%emt 0:04:04]} b6 {[%emt 0:01:16]} 18. Ba6+ {[%emt 0:11:47]} Kc7 {[%emt 0:01:52]} 19. Qb3 {[%emt 0:00:31]} Rhe8 {[%emt 0:02:52]} 20. Bd3 {[%emt 0:13:52]} Bf7 {[%emt 0:04:14]} 21. Qb4 {[%emt 0:02:06]} Rxe1+ {[%emt 0:04:54]} 22. Qxe1 {[%emt 0:00:06]} Re8 {[%emt 0:00:05]} 23. Qd2 {[%emt 0:01:17]} Ne4 {[%emt 0:00:51]} 24. Bxe4 {[%emt 0:00:14]} fxe4 {[%emt 0:01:15]} 25. Qe2 {[%emt 0:01:03]} Kb7 {[%emt 0:01:37]} 26. Nc3 {[%emt 0:02:40]} Rc8 {[%emt 0:08:15]} 27. Nd1 {[%emt 0:05:15]} c5 {[%emt 0:04:00]} 28. dxc5 {[%emt 0:00:14]} bxc5 {[%emt 0:02:09]} 29. Rh3 {[%emt 0:01:43]} f5 {[%emt 0:01:09]} 30. Rb3+ {[%emt 0:02:34]} Ka8 {[%emt 0:00:39]} 31. Qb5 {[%emt 0:00:40]} Qxb5 {[%emt 0:01:43]} 32. Rxb5 {[%emt 0:00:02]} d4 {[%emt 0:02:23]} 33. b4 {[%emt 0:00:22]} cxb4 {[%emt 0:01:49]} 34. axb4 {[%emt 0:00:37]} Bxh5 {[%emt 0:05:48]} 35. Rxf5 {[%emt 0:00:16]} Be2 {[%emt 0:04:40]} 36. Kd2 {[%emt 0:00:46]} Bf1 {[%emt 0:02:58]} 37. g3 {[%emt 0:00:29]} Rd8 {[%emt 0:00:46]} 38. Ke1 {[%emt 0:02:35]} Bg2 {[%emt 0:02:15]} 39. Re5 {[%emt 0:04:31]} Bf3 {[%emt 0:02:28]} 40. Nb2 {[%emt 0:00:20]} Rc8 {[%emt 0:02:02]} 41. Kd2 {[%emt 0:30:31]} Rb8 {[%emt 0:36:02]} 42. c3 {[%emt 0:01:06]} dxc3+ {[%emt 0:00:00]} 43. Kxc3 {[%emt 0:00:00]} Rc8+ {[%emt 0:00:00]} 44. Nc4 {[%emt 0:00:00]} g6 {[%emt 0:00:00]} 45. Rc5 {[%emt 0:00:00]} Rd8 {[%emt 0:00:00]} 46. Na5 {[%emt 0:00:00]} Rd3+ {[%emt 0:00:00]} 47. Kc4 {[%emt 0:00:00]} Kb8 {[%emt 0:00:00]} 48. Re5 {[%emt 0:00:00]} Rd2 {[%emt 0:00:00]} 49. Re7 {[%emt 0:00:00]} Rc2+ {[%emt 0:00:00]} 50. Kd4 {[%emt 0:00:00]} Rd2+ {[%emt 0:00:00]} 51. Ke5 {[%emt 0:00:00]} a6 {[%emt 0:00:00]} 52. Rxh7 {[%emt 0:00:00]} Rxf2 {[%emt 0:00:00]} 53. Nc6+ {[%emt 0:00:00]} Kc8 {[%emt 0:00:00]} 54. Ne7+ {[%emt 0:00:00]} Kb8 {[%emt 0:00:00]} 55. Nd5 {[%emt 0:00:00]} Re2 {[%emt 0:00:00]} 56. Kd4 {[%emt 0:00:00]} Rd2+ {[%emt 0:00:00]} 57. Kc5 {[%emt 0:00:00]} Kc8 {[%emt 0:00:00]} 58. Rg7 {[%emt 0:00:00]} Rd3 {[%emt 0:00:00]} 59. Kc6 {[%emt 0:00:00]} Kb8 {[%emt 0:00:00]} 60. Kb6 {[%emt 0:04:04]} Kc8 {[%emt 0:00:00]} 61. Kc6 {[%emt 0:01:37]} Kb8 {[%emt 0:00:00]} 62. Kb6 {[%emt 0:00:04]} Kc8 {[%emt 0:00:00]} 63. Ne7+ {[%emt 0:00:15]} Kd8 {[%emt 0:00:04]} 64. Nc6+ {[%emt 0:00:14]} Ke8 {[%emt 0:00:58]} 65. Rxg6 {[%emt 0:00:13]} Kf8 {[%emt 0:04:04]} 66. Ne5 {[%emt 0:02:29]} Ra3 {[%emt 0:01:16]} 67. f5 {[%emt 0:00:56]} Bh5 {[%emt 0:06:05]} 68. Rh6 {[%emt 0:00:02]} Be2 {[%emt 0:00:10]} 69. f6 {[%emt 0:00:10]} Rxg3 {[%emt 0:00:16]} 70. f7 {[%emt 0:00:06]} Kg7 {[%emt 0:03:02]} 71. Rh8 {[%emt 0:00:53]} Kxh8 {[%emt 0:00:24]} 72. f8=Q+ {[%emt 0:00:06]} Kh7 {[%emt 0:00:13]} 73. Qf5+ {[%emt 0:00:22]} Kg7 {[%emt 0:00:24]} 74. Qf7+ {[%emt 0:00:07]} Kh8 {[%emt 0:00:36]} 75. Ng6+ {[%emt 0:00:06]} Rxg6+ {[%emt 0:00:07]} 76. Qxg6 {[%emt 0:00:03]} Bd3 {[%emt 0:00:11]} 77. Qg5 {[%emt 0:00:12]} Kh7 {[%emt 0:00:12]} 78. Kc5 {[%emt 0:00:05]} 1-0

[Event "SVK ECo-C Extraliga 2018-19"]
[Site "Slovakia"]
[Date "2018.12.09"]
[Round "4"]
[White "Oliver, Trop"]
[Black "Kantorik, Marian"]
[Result "1/2-1/2"]
[WhiteElo "2207"]
[BlackElo "2223"]
[Annotator "NA"]
[PlyCount "109"]
[EventDate "2018.11.10"]
[EventType "team-tourn"]
[EventCountry "SVK"]
[SourceTitle "playchess.com"]
[Source "ChessBase"]
[SourceQuality "1"]
[BlackTeam "Dunajov"]
[TimeControl "40/5400+30:1800+30"]

1. c4 e6 2. e4 c5 3. Nc3 Nc6 4. Nge2 Nf6 5. f4 d5 6. e5 d4 7. exf6 dxc3 8. dxc3 Qxd1+ 9. Kxd1 gxf6 10. Ng3 b6 11. Nh5 f5 12. Be2 Bb7 13. Rg1 O-O-O+ 14. Kc2 Na5 15. b3 Be4+ 16. Kb2 Be7 17. Be3 Rd7 18. Bf3 Bxf3 19. gxf3 Rd3 20. Rae1 Bh4 21. Re2 Rxe3 22. Rxe3 Bf2 23. Ree1 Bxe1 24. Rxe1 Rg8 25. Re2 Rg1 26. Rf2 Nc6 27. Kc2 Kd8 28. Kd3 Ke7 29. Ke3 h6 30. Rd2 a5 31. Rb2 f6 32. Ng3 Re1+ 33. Kd2 Rg1 34. Ke3 Re1+ 35. Kd2 Ra1 36. a4 Rg1 37. Ke3 Ra1 38. Ke2 Kd6 39. Kd3 Nd8 40. Nh5 Rd1+ 41. Ke3 Re1+ 42. Kd2 Rh1 43. Ke3 Ke7 44. Ng3 Ra1 45. Kd3 Nb7 46. Rg2 Nd6 47. Nh5 Rd1+ 48. Ke3 Rb1 49. Rg7+ Nf7 50. Rg6 Rxb3 51. Kd3 Rb2 52. Nxf6 Rxh2 53. Ng8+ Kf8 54. Nf6 Ke7 55. Ng8+ 1/2-1/2

[Event "SVK ECo-C Extraliga 2018-19"]
[Site "Slovakia"]
[Date "2018.12.09"]
[Round "4"]
[White "Bottyan, Peter"]
[Black "Jacko, Vladimir"]
[Result "1/2-1/2"]
[WhiteElo "2187"]
[BlackElo "2330"]
[Annotator "NA"]
[PlyCount "151"]
[EventDate "2018.11.10"]
[EventType "team-tourn"]
[EventCountry "SVK"]
[SourceTitle "playchess.com"]
[Source "ChessBase"]
[SourceQuality "1"]
[WhiteTeam "Komarno"]
[BlackTeam "Prakovce"]
[TimeControl "40/5400+30:1800+30"]

1. d4 {[%emt 0:00:00]} Nf6 {[%emt 0:00:00]} 2. Nf3 {[%emt 0:00:32]} e6 {[%emt 0:00:30]} 3. Bg5 {[%emt 0:04:34]} c5 {[%emt 0:02:58]} 4. Nc3 {[%emt 0:13:48]} cxd4 $11 {[%emt 0:07:10] LiveBook: 24 Games} 5. Nxd4 {[%emt 0:08:42]} Nc6 {[%emt 0:14:42]} 6. e3 {[%emt 0:15:15]} d5 {[%emt 0:01:56]} 7. Be2 {[%emt 0:07:29]} Be7 {[%emt 0:02:28]} 8. O-O {[%emt 0:04:47]} O-O {[%emt 0:00:33]} 9. Nxc6 {[%emt 0:09:48]} bxc6 {[%emt 0:00:06]} 10. Bf4 {[%emt 0:00:08]} Bd6 {[%emt 0:13:14]} 11. Bxd6 {[%emt 0:05:30]} Qxd6 {[%emt 0:00:09]} 12. Bf3 {[%emt 0:04:19]} e5 {[%emt 0:01:55]} 13. g3 {[%emt 0:01:28]} Rd8 {[%emt 0:04:46]} 14. Ne2 {[%emt 0:07:31]} Ba6 {[%emt 0:21:02]} 15. Re1 {[%emt 0:00:39]} Qe6 {[%emt 0:01:20]} 16. Nc3 {[%emt 0:06:31]} Qf5 {[%emt 0:09:02]} 17. Be2 {[%emt 0:00:12]} Bb7 {[%emt 0:01:32]} 18. Qd3 {[%emt 0:02:52]} Qe6 {[%emt 0:04:31]} 19. Na4 {[%emt 0:00:53]} Qe7 {[%emt 0:00:29]} 20. Qc3 {[%emt 0:00:57]} Ne4 {[%emt 0:00:59]} 21. Qa5 {[%emt 0:00:23]} Ng5 {[%emt 0:02:29]} 22. Nc5 {[%emt 0:01:37]} Bc8 {[%emt 0:00:14]} 23. h4 {[%emt 0:01:25]} Ne6 {[%emt 0:01:24]} 24. Nxe6 {[%emt 0:00:44]} Bxe6 {[%emt 0:00:02]} 25. c4 {[%emt 0:00:35]} Qf6 {[%emt 0:02:02]} 26. Rad1 {[%emt 0:01:21]} Qe7 {[%emt 0:03:01]} 27. Bf1 {[%emt 0:00:44]} Rd6 {[%emt 0:01:36]} 28. cxd5 {[%emt 0:00:32]} cxd5 {[%emt 0:00:03]} 29. a3 {[%emt 0:00:16]} Rad8 {[%emt 0:00:20]} 30. b4 {[%emt 0:00:28]} Bg4 {[%emt 0:02:16]} 31. Rc1 {[%emt 0:00:15]} g6 {[%emt 0:00:49]} 32. Rc5 {[%emt 0:00:36]} Qf6 {[%emt 0:01:02]} 33. b5 {[%emt 0:00:46]} d4 {[%emt 0:00:10]} 34. Qb4 {[%emt 0:00:39]} Bf3 {[%emt 0:01:24]} 35. exd4 {[%emt 0:00:30]} exd4 {[%emt 0:00:01]} 36. Qd2 {[%emt 0:00:33]} Ba8 {[%emt 0:01:07]} 37. Bg2 {[%emt 0:00:19]} Bxg2 {[%emt 0:00:18]} 38. Kxg2 {[%emt 0:00:02]} d3 {[%emt 0:00:11]} 39. Rce5 {[%emt 0:01:14]} Rd5 {[%emt 0:00:39]} 40. Re8+ {[%emt 0:00:33]} Kg7 {[%emt 0:00:57]} 41. Rxd8 {[%emt 0:11:19]} Rxd8 {[%emt 0:00:00]} 42. Re3 {[%emt 0:11:25]} Qd4 {[%emt 0:01:02]} 43. Kh2 {[%emt 0:00:52]} h5 {[%emt 0:16:23]} 44. a4 {[%emt 0:02:23]} Rd5 {[%emt 0:04:55]} 45. a5 {[%emt 0:02:48]} Kh7 {[%emt 0:02:11]} 46. a6 {[%emt 0:01:44]} Qc4 {[%emt 0:01:40]} 47. b6 {[%emt 0:02:11]} Qxa6 {[%emt 0:05:51]} 48. bxa7 {[%emt 0:01:15]} Qxa7 {[%emt 0:00:09]} 49. Rxd3 {[%emt 0:00:17]} Rxd3 {[%emt 0:00:15]} 50. Qxd3 {[%emt 0:00:06]} Qxf2+ {[%emt 0:00:02]} 51. Kh1 {[%emt 0:00:39]} Kh6 {[%emt 0:01:42]} 52. Qc3 {[%emt 0:00:12]} Qf1+ {[%emt 0:00:32]} 53. Kh2 {[%emt 0:00:05]} Kh7 {[%emt 0:00:09]} 54. Qe5 {[%emt 0:00:23]} Qa6 {[%emt 0:00:30]} 55. Qc3 {[%emt 0:00:21]} Qe6 {[%emt 0:00:29]} 56. Qc7 {[%emt 0:00:11]} Kg7 {[%emt 0:00:15]} 57. Qc3+ {[%emt 0:00:14]} f6 {[%emt 0:00:19]} 58. Qc7+ {[%emt 0:00:09]} Kh6 {[%emt 0:00:20]} 59. Qf4+ {[%emt 0:02:26]} g5 {[%emt 0:00:18]} 60. hxg5+ {[%emt 0:00:33]} fxg5 {[%emt 0:00:01]} 61. Qb8 {[%emt 0:00:46]} g4 {[%emt 0:02:06]} 62. Qf4+ {[%emt 0:00:34]} Kg6 {[%emt 0:00:00]} 63. Qb8 {[%emt 0:00:12]} Qe2+ {[%emt 0:00:30]} 64. Kg1 {[%emt 0:00:17]} Qd1+ {[%emt 0:00:17]} 65. Kh2 {[%emt 0:00:08]} Qd2+ {[%emt 0:00:11]} 66. Kg1 {[%emt 0:00:08]} Qe3+ {[%emt 0:02:34]} 67. Kh2 {[%emt 0:00:21]} Kf5 {[%emt 0:00:24]} 68. Qf8+ {[%emt 0:00:41]} Ke4 {[%emt 0:00:09]} 69. Qe8+ {[%emt 0:00:26]} Kf3 {[%emt 0:00:11]} 70. Qf7+ {[%emt 0:00:10]} Ke2 {[%emt 0:00:12]} 71. Qxh5 {[%emt 0:01:28]} Qf2+ {[%emt 0:00:56]} 72. Kh1 {[%emt 0:00:08]} Qf3+ {[%emt 0:01:18]} 73. Kh2 {[%emt 0:00:14]} Qf2+ {[%emt 0:00:25]} 74. Kh1 {[%emt 0:00:05]} Kf3 {[%emt 0:00:37]} 75. Qf5+ {[%emt 0:00:09]} Kxg3 {[%emt 0:00:04]} 76. Qxg4+ {[%emt 0:00:16]} 1/2-1/2

[Event "SVK ECo-C Extraliga 2018-19"]
[Site "Slovakia"]
[Date "2018.12.09"]
[Round "4"]
[White "Lintner, Igor"]
[Black "Csonka, Attila Istvan"]
[Result "0-1"]
[WhiteElo "2161"]
[BlackElo "2352"]
[Annotator "NA"]
[PlyCount "70"]
[EventDate "2018.11.10"]
[EventType "team-tourn"]
[EventCountry "SVK"]
[SourceTitle "playchess.com"]
[Source "ChessBase"]
[SourceQuality "1"]
[WhiteTeam "Osuske"]
[TimeControl "40/5400+30:1800+30"]

1. e4 {[%emt 0:00:09]} c5 {[%emt 0:00:00]} 2. Nf3 {[%emt 0:00:15]} e6 {[%emt 0:00:00]} 3. d4 {[%emt 0:01:25]} cxd4 {[%emt 0:00:06]} 4. Nxd4 {[%emt 0:00:04]} Nc6 {[%emt 0:00:09]} 5. Nc3 {[%emt 0:00:50]} Qc7 {[%emt 0:00:07]} 6. Be2 {[%emt 0:02:08]} a6 {[%emt 0:00:18]} 7. Be3 {[%emt 0:00:58]} Nf6 {[%emt 0:00:08]} 8. O-O {[%emt 0:02:01]} b5 {[%emt 0:01:57]} 9. a3 {[%emt 0:01:52]} Bb7 {[%emt 0:00:57]} 10. Kh1 {[%emt 0:08:05]} Rc8 $11 {[%emt 0:10:11]} 11. f4 {[%emt 0:05:08]} h5 {[%emt 0:07:12]} 12. Nxc6 {[%emt 0:05:12]} Bxc6 {[%emt 0:00:59]} 13. Bf3 {[%emt 0:03:24]} b4 {[%emt 0:05:47]} 14. axb4 {[%emt 0:07:53]} Bxb4 {[%emt 0:00:18]} 15. Rxa6 {[%emt 0:03:12]} Bxc3 {[%emt 0:02:59]} 16. Ra7 {[%emt 0:00:32]} Qd8 {[%emt 0:02:21]} 17. bxc3 {[%emt 0:00:37]} Bxe4 {[%emt 0:03:28]} 18. Bxe4 {[%emt 0:05:31]} Nxe4 {[%emt 0:00:19]} 19. Bb6 {[%emt 0:02:00]} Qe7 {[%emt 0:00:53]} 20. Ba5 {[%emt 0:01:06]} O-O {[%emt 0:00:44]} 21. Bb4 {[%emt 0:15:00]} Qh4 {[%emt 0:01:47]} 22. Qe1 {[%emt 0:01:31]} Qxe1 {[%emt 0:00:32]} 23. Rxe1 {[%emt 0:00:37]} Nc5 {[%emt 0:00:19]} 24. Re5 {[%emt 0:05:50]} d6 {[%emt 0:02:18]} 25. Rxh5 {[%emt 0:00:26]} Ne4 {[%emt 0:00:34]} 26. Rb5 {[%emt 0:14:02]} Nxc3 {[%emt 0:01:52]} 27. Rbb7 {[%emt 0:01:15]} Ne4 {[%emt 0:01:43]} 28. Rc7 {[%emt 0:02:02]} Rxc7 {[%emt 0:00:40]} 29. Rxc7 {[%emt 0:00:04]} Rb8 {[%emt 0:00:12]} 30. Rc4 {[%emt 0:10:21]} d5 {[%emt 0:00:42]} 31. Rd4 {[%emt 0:00:01]} Rc8 {[%emt 0:00:20]} 32. h3 {[%emt 0:01:42]} Rxc2 {[%emt 0:00:16]} 33. Kh2 {[%emt 0:00:32]} Rc4 {[%emt 0:01:06]} 34. Rxc4 {[%emt 0:00:02]} dxc4 {[%emt 0:00:06]} 35. Kg1 {[%emt 0:01:00]} c3 {[%emt 0:00:05]} 0-1

[Event "SVK ECo-C Extraliga 2018-19"]
[Site "Slovakia"]
[Date "2018.12.09"]
[Round "4"]
[White "Kopera, Michal"]
[Black "Kovacik, Emil"]
[Result "*"]
[WhiteElo "2152"]
[BlackElo "2060"]
[Annotator "NA"]
[PlyCount "21"]
[EventDate "2018.11.10"]
[EventType "team-tourn"]
[EventCountry "SVK"]
[SourceTitle "playchess.com"]
[Source "ChessBase"]
[SourceQuality "1"]
[WhiteTeam "Zilina"]
[BlackTeam "Dubnica"]
[TimeControl "40/5400+30:1800+30"]

1. e4 {[%emt 0:00:00]} e5 {[%emt 0:00:00]} 2. Nf3 {[%emt 0:00:00]} Nc6 {[%emt 0:00:00]} 3. Nc3 {[%emt 0:00:04]} Nf6 {[%emt 0:00:03]} 4. d4 exd4 {[%emt 0:01:32]} 5. Nxd4 {[%emt 0:03:49]} Bb4 {[%emt 0:01:19]} 6. Nxc6 {[%emt 0:03:12]} bxc6 {[%emt 0:00:10]} 7. Bd3 {[%emt 0:00:04]} d5 {[%emt 0:05:33]} 8. exd5 {[%emt 0:01:09]} cxd5 {[%emt 0:00:05]} 9. O-O {[%emt 0:00:06]} O-O {[%emt 0:00:11]} 10. Bg5 {[%emt 0:00:09]} Be7 {[%emt 0:03:46]} 11. Re1 {[%emt 0:02:48]} *

[Event "SVK ECo-C Extraliga 2018-19"]
[Site "Slovakia"]
[Date "2018.12.09"]
[Round "4"]
[White "Kovacik, Emil"]
[Black "Kopera, Michal"]
[Result "1/2-1/2"]
[WhiteElo "2060"]
[BlackElo "2152"]
[Annotator "NA"]
[PlyCount "51"]
[EventDate "2018.11.10"]
[EventType "team-tourn"]
[EventCountry "SVK"]
[SourceTitle "playchess.com"]
[Source "ChessBase"]
[SourceQuality "1"]
[WhiteTeam "Dubnica"]
[BlackTeam "Zilina"]
[TimeControl "40/5400+30:1800+30"]

1. e4 {[%emt 0:00:00]} e5 {[%emt 0:00:00]} 2. Nf3 {[%emt 0:00:00]} Nc6 {[%emt 0:00:00]} 3. Nc3 {[%emt 0:00:04]} Nf6 {[%emt 0:00:03]} 4. d4 exd4 {[%emt 0:01:32]} 5. Nxd4 {[%emt 0:03:49]} Bb4 {[%emt 0:01:19]} 6. Nxc6 {[%emt 0:03:12]} bxc6 {[%emt 0:00:10]} 7. Bd3 {[%emt 0:00:04]} d5 {[%emt 0:05:33]} 8. exd5 {[%emt 0:01:09]} cxd5 {[%emt 0:00:05]} 9. O-O {[%emt 0:00:06]} O-O {[%emt 0:00:11]} 10. Bg5 {[%emt 0:00:09]} Be7 {[%emt 0:03:46]} 11. Re1 {[%emt 0:02:48]} Be6 {[%emt 0:10:31]} 12. Ne2 {[%emt 0:06:31]} h6 {[%emt 0:09:35]} 13. Bh4 {[%emt 0:01:35]} c5 {[%emt 0:11:01]} 14. c3 {[%emt 0:13:29]} Qc7 {[%emt 0:07:58]} 15. Bc2 {[%emt 0:06:39]} Rfe8 {[%emt 0:07:45]} 16. Qd3 {[%emt 0:06:51]} Ne4 {[%emt 0:08:40]} 17. Bxe7 {[%emt 0:04:44]} Rxe7 {[%emt 0:01:45]} 18. Ng3 {[%emt 0:10:00]} Rae8 {[%emt 0:01:27]} 19. Red1 {[%emt 0:10:32]} g6 {[%emt 0:04:19]} 20. Ba4 {[%emt 0:05:18]} Rb8 {[%emt 0:03:15]} 21. b3 {[%emt 0:08:13]} Nf6 {[%emt 0:04:58]} 22. Qd2 {[%emt 0:00:44]} Kg7 {[%emt 0:00:46]} 23. Rac1 {[%emt 0:01:15]} h5 {[%emt 0:00:47]} 24. Qg5 {[%emt 0:01:07]} Rh8 {[%emt 0:02:27]} 25. Re1 {[%emt 0:07:37]} h4 {[%emt 0:01:41]} 26. Ne2 {[%emt 0:00:22]} 1/2-1/2

[Event "SVK ECo-C Extraliga 2018-19"]
[Site "Slovakia"]
[Date "2019.02.16"]
[Round "5"]
[White "Krejci, Jan"]
[Black "Piorun, Kacper"]
[Result "1/2-1/2"]
[WhiteElo "2558"]
[BlackElo "2631"]
[Annotator "TA"]
[PlyCount "62"]
[EventDate "2018.11.10"]
[EventType "team-tourn"]
[EventCountry "SVK"]
[SourceTitle "playchess.com"]
[Source "ChessBase"]
[SourceQuality "1"]
[WhiteTeam "Prakovce"]
[BlackTeam "Dunajov"]

{[%evp 22,62,21,27,24,35,40,20,10,22,22,0,0,0,0,0,0,-3,-3,-6,0,0,0,0,0,0,0,0,0,0,0,0,0,0,0,0,0,0,0,0,0,0,0]} 1. d4 Nf6 2. c4 e6 3. Nc3 Bb4 4. e3 O-O 5. Bd3 c5 6. Nf3 d5 7. O-O cxd4 8. exd4 dxc4 9. Bxc4 b6 10. Qe2 Bb7 11. Rd1 Nbd7 12. d5 Bxc3 {E55: Nimzo-Indian: Rubinstein: Main Line: 7...dxc4 8 Bxc4 Nbd7} 13. dxe6 {[%mdl 64] [#] Discovered Attack} Bxf3 14. gxf3 {aiming for e7.} fxe6 $1 {The position is equal.} 15. bxc3 Qc7 16. Ba3 {Black must now prevent Bd6.} Nc5 {[#]} 17. Bxc5 $146 ({Predecessor:} 17. Rd4 Kh8 18. Re1 Rac8 19. Qe5 Qf7 20. Bc1 {1-0 (30) Aronian,L (2773)-Karjakin,S (2722) Bilbao 2009}) 17... Qxc5 18. Bxe6+ Kh8 19. Qc4 Qg5+ 20. Kh1 Nh5 21. Qg4 Qh6 22. Qh3 Qf6 {[#] ...Nf4 is the strong threat.} 23. Qxh5 Qxe6 24. Re1 Qc6 25. Re3 Rae8 26. Rxe8 Rxe8 $11 {KQR-KQR} 27. Rd1 Rf8 28. Qf5 {[%cal Rf5f8]} Kg8 ({Weaker is} 28... Rxf5 29. Rd8+ Qe8 30. Rxe8+ Rf8 31. Rxf8#) 29. Qd5+ Qxd5 30. Rxd5 Rxf3 31. Kg2 Rxc3 {Accuracy: White = 81%, Black = 73%.} 1/2-1/2

[Event "SVK ECo-C Extraliga 2018-19"]
[Site "Slovakia"]
[Date "2019.02.16"]
[Round "5"]
[White "Babula, Vlastimil"]
[Black "Cernousek, Lukas"]
[Result "1/2-1/2"]
[WhiteElo "2549"]
[BlackElo "2425"]
[Annotator "TA"]
[PlyCount "68"]
[EventDate "2018.11.10"]
[EventType "team-tourn"]
[EventCountry "SVK"]
[SourceTitle "playchess.com"]
[Source "ChessBase"]
[SourceQuality "1"]
[WhiteTeam "Snina"]
[BlackTeam "Dubnica"]

{[%evp 15,68,24,20,14,35,30,18,29,33,20,27,29,25,23,25,19,33,27,132,138,134,127,126,126,139,139,135,135,158,161,195,45,42,46,46,38,35,26,83,85,83,83,91,57,62,39,43,8,19,5,7,2,2,0,4]} 1. d4 d5 2. c4 dxc4 3. e3 Nf6 4. Bxc4 e6 5. Nf3 c5 6. O-O a6 7. a4 Nc6 8. Qe2 Qc7 9. Rd1 {D27: Queen's Gambit Accepted: Classical main line: 7 e4!? and 7 a4} Be7 10. dxc5 Bxc5 11. b3 O-O (11... b6 12. Bb2 Bb7 13. Nbd2 O-O 14. Rac1 Rfd8 15. Bd3 Qe7 16. h3 h6 {½-½ (40) Peralta,F (2556)-Illescas Cordoba,M (2605) Barcelona 2018}) 12. Bb2 e5 13. Nc3 e4 14. Ng5 Bg4 15. Nd5 Bxe2 16. Nxc7 Bxc4 (16... Bxd1 $11 17. Nxa8 Bc2) 17. bxc4 $16 {And now Bxf6 would win.} Rac8 $146 {[#]} 18. Nd5 $1 Nd7 19. Nxe4 Rfe8 20. Nxc5 Nxc5 21. Nb6 {Bd4 is the strong threat.} Rc7 22. Rab1 Na5 23. Bc3 (23. Rd5 $18) 23... Nxc4 $1 $14 24. Nxc4 Ne4 25. Be1 {[#] Threatens to win with Rb4.} Rxc4 26. a5 Nc3 (26... Nc5 $11 {remains equal.}) 27. Bxc3 $1 $16 Rxc3 28. Rxb7 {[%mdl 4096] Endgame KRR-KRR} Ra3 29. g4 (29. Ra7 {feels hotter.} Rxa5 30. h4 Ra4 31. g3 h5 32. Rd6) 29... Rxa5 30. Rdd7 (30. Re7 {with more complications.} Rf8 31. h3 Rg5 32. Kh2 h5 33. Kg3) 30... Rf8 31. Ra7 h5 {The position is equal.} 32. gxh5 Rg5+ 33. Kf1 Rxh5 34. Rxa6 Rxh2 {Accuracy: White = 55%, Black = 59%.} 1/2-1/2

[Event "SVK ECo-C Extraliga 2018-19"]
[Site "Slovakia"]
[Date "2019.02.16"]
[Round "5"]
[White "Tazbir, Marcin"]
[Black "Klekowski, Maciej"]
[Result "1/2-1/2"]
[WhiteElo "2542"]
[BlackElo "2494"]
[Annotator "TA"]
[PlyCount "44"]
[EventDate "2018.11.10"]
[EventType "team-tourn"]
[EventCountry "SVK"]
[SourceTitle "playchess.com"]
[Source "ChessBase"]
[SourceQuality "1"]
[WhiteTeam "Dunajov"]
[BlackTeam "Prakovce"]

{[%evp 15,44,0,0,-7,-16,-32,-35,-29,-8,-25,-20,-14,-16,-27,-22,-51,-9,-19,-16,-10,0,0,0,-16,-8,-8,-13,-16,-22,-13,-11]} 1. e4 e5 2. Nf3 Nc6 3. Bb5 a6 4. Bxc6 dxc6 5. d4 exd4 6. Qxd4 Qxd4 7. Nxd4 c5 8. Ne2 Bd7 9. c4 {C68: Ruy Lopez: Exchange Variation, sidelines} (9. Nbc3 O-O-O {½-½ (9) Arenas Vanegas,D (2496)-Valderrama Quiceno,E (2417) Antioquia 2016}) 9... Ne7 $146 ({Predecessor:} 9... b5 10. Nbc3 c6 11. b3 bxc4 12. bxc4 Be6 13. Bf4 Nf6 14. h3 Bxc4 15. g4 h6 16. f3 Nd7 {½-½ (37) Mendes,A (1844)-Goldberg,V (2119) Dresden 2007}) 10. Bf4 O-O-O 11. Nbc3 {Black is slightly better.} f5 12. O-O-O Re8 13. f3 Bc6 14. Ng3 Ng6 15. Bd2 fxe4 16. Ngxe4 {The position is equal.} Nh4 17. Rhg1 Nf5 18. Rge1 h6 19. Be3 b6 20. Bf2 g5 21. Nd5 Bg7 22. Nef6 Ref8 {Accuracy: White = 47%, Black = 63%.} 1/2-1/2